| 000 | 00697nam a2200169Ia 4500 | ||
|---|---|---|---|
| 020 | _a9251049432 | ||
| 040 | _cIRU | ||
| 082 | _a333 FAO 2003 C074 Or. | ||
| 245 | 0 | 0 | _aAgriculture, food and water |
| 300 |
_aviii, 61 pages : _bcolor illustrations ; _c25 cm |
||
| 500 | _a"World Water Assessment Programme"--cover | ||
| 500 | _a"Based on "Water for people--Water for life, the United Nations World water development report ... where it appears as chapter 8 "Securing food for a growing population. "A slightly modified version of chapter 8."--p. iv | ||
| 650 | 0 | _aWater in agriculture. | |
| 650 | 0 | _aWater-supply | |
| 710 | 2 | _aWorld Water Assessment Programme (United Nations) | |
| 942 | _cAEDBB | ||
| 999 |
_c22552 _d22552 |
||